Posta catalana / por Francisco Grus Fontova
Publicado:
San Jorge, núm. 94 (2n, 3r i 4t trimestre 1974), pàg 41 - 50 :
MARC
| LEADER | 00000nam a2200000Ia 4500 | ||
|---|---|---|---|
| 001 | |||
| 008 | 160829s9999 xx 000 0 cat d | ||
| 100 | |a Graus Fontova, Francisco |9 41785 | ||
| 245 | |a Posta catalana / por Francisco Grus Fontova | ||
| 260 | |a San Jorge, núm. 94 (2n, 3r i 4t trimestre 1974), pàg 41 - 50 | ||
| 650 | |a Filatèlia |x Catalunya |x Història |9 41786 | ||
| 650 | |a Carreras i Candi, Francesc 1862-1937 |9 41787 | ||
| 650 | |a Monge Pineda, Pedro I |9 41788 | ||
| 650 | |a Roig y Soler, Antonio |9 41789 | ||
| 650 | |a Tort y Nicolau, Arturo |9 41790 | ||
| 901 | |a Arxiu | ||
| 942 | |n 1 | ||
| 952 | |0 0 |1 0 |4 0 |7 1 |9 50477 |a Arxiu |b Arxiu |d 2016-12-01 |l 0 |r 2016-12-01 00:00:00 |w 2016-12-01 |y ARXIU | ||
| 999 | |c 54319 |d 54319 | ||